000 00399nam a2200169Ia 4500
001 23732
005 20260414150956.0
008 260414t2013||||xx |||||||||||||| ||spa||
041 _aESP
082 _a700.74
_bM98
100 _aMuseo Universidad de Navarra
_eAUT
245 0 _aColeccionar arte, ¿Por qué?
_b
260 _c2013
650 _aABD
654 _aCAU
942 _cLIB
_dJUS
_fJUS
_2ddc
_n
999 _c23732
_d23732